| 000 | 00577nam a2200241 a 4500 | ||
|---|---|---|---|
| 001 | 0001-1320 | ||
| 003 | ELIB.Books | ||
| 008 | 150728 2010 eng | ||
| 020 | _a1401303277 | ||
| 035 | _a(ELIB.Books)0001-1475 | ||
| 092 |
_a813.6 _bAlb |
||
| 100 | _aAlbom, Mitch | ||
| 245 | _aFor One More Day | ||
| 260 |
_aNew York _bHyperion Press _c2006 |
||
| 300 |
_a197 _c19 Cm |
||
| 500 | _aDr. Min Oo | ||
| 650 | _aFiction | ||
| 856 |
_nKBTS: Library _uKBTS: Elib |
||
| 942 |
_2ddc _cBK |
||
| 990 | _a1 | ||
| 998 |
_cbat _e2015-07-28 |
||
| 999 |
_c11320 _d11320 |
||